[Event "Blitz 2018"]
[Site "Saint-Petersburg"]
[Date "2018.12.30"]
[Round "13"]
[Board "49"]
[White "Van Foreest Jorden (NED)"]
[Black "Tukhaev Adam (UKR)"]
[Result "1/2-1/2"]
[LiveChessVersion "1.4.8"]
[BlackElo "2529"]
[WhiteElo "2657"]

1. c4 {[%clk 0:03:02]} g6 {[%clk 0:03:02]} 2. Nf3 {[%clk 0:03:02]} Bg7
{[%clk 0:03:03]} 3. g3 {[%clk 0:03:01]} c5 {[%clk 0:02:56]} 4. Bg2
{[%clk 0:03:01]} Nc6 {[%clk 0:02:56]} 5. O-O {[%clk 0:03:00]} e5 {[%clk 0:02:57]}
6. Nc3 {[%clk 0:02:58]} Nge7 {[%clk 0:02:57]} 7. a3 {[%clk 0:02:47]} O-O
{[%clk 0:02:56]} 8. d3 {[%clk 0:02:35]} d6 {[%clk 0:02:56]} 9. Rb1
{[%clk 0:02:35]} a5 {[%clk 0:02:43]} 10. Ne1 {[%clk 0:02:22]} Be6
{[%clk 0:02:41]} 11. Nc2 {[%clk 0:02:20]} Rb8 {[%clk 0:02:15]} 12. b4
{[%clk 0:02:10]} axb4 {[%clk 0:02:10]} 13. axb4 {[%clk 0:02:11]} cxb4
{[%clk 0:01:17]} 14. Nxb4 {[%clk 0:02:11]} Nxb4 {[%clk 0:01:18]} 15. Rxb4
{[%clk 0:02:11]} d5 {[%clk 0:01:19]} 16. cxd5 {[%clk 0:02:02]} Nxd5
{[%clk 0:01:20]} 17. Nxd5 {[%clk 0:02:01]} Bxd5 {[%clk 0:01:21]} 18. Rb5
{[%clk 0:02:00]} Bxg2 {[%clk 0:01:08]} 19. Kxg2 {[%clk 0:02:00]} Qd7
{[%clk 0:01:06]} 20. Qb3 {[%clk 0:02:01]} h5 {[%clk 0:00:17]} 21. h4
{[%clk 0:01:47]} Qc6+ {[%clk 0:00:13]} 22. Kg1 {[%clk 0:01:47]} e4
{[%clk 0:00:14]} 23. Rb6 {[%clk 0:01:37]} Qc3 {[%clk 0:00:12]} 24. dxe4
{[%clk 0:01:32]} Qxb3 25. Rxb3 Rfe8 26. Rb4 {[%clk 0:01:22]} Bc3 {[%clk 0:00:13]}
27. Rb3 {[%clk 0:01:16]} Bd4 {[%clk 0:00:14]} 28. Bf4 {[%clk 0:01:11]} Rbc8
{[%clk 0:00:14]} 29. e3 {[%clk 0:01:06]} Bc5 {[%clk 0:00:16]} 30. e5
{[%clk 0:00:52]} b6 {[%clk 0:00:17]} 31. Kg2 {[%clk 0:00:53]} Red8
{[%clk 0:00:18]} 32. Rc1 {[%clk 0:00:52]} Rc6 {[%clk 0:00:19]} 33. Kf3
{[%clk 0:00:52]} Re6 {[%clk 0:00:20]} 34. Bg5 {[%clk 0:00:50]} Rd5
{[%clk 0:00:20]} 35. Bf6 {[%clk 0:00:46]} Kh7 {[%clk 0:00:20]} 36. Ke4
{[%clk 0:00:46]} Rd2 {[%clk 0:00:19]} 37. Kf3 {[%clk 0:00:45]} Rd7
{[%clk 0:00:18]} 38. Rc2 {[%clk 0:00:34]} Be7 {[%clk 0:00:18]} 39. Bxe7
{[%clk 0:00:34]} Rdxe7 {[%clk 0:00:19]} 40. Rcb2 {[%clk 0:00:32]} Rxe5
{[%clk 0:00:20]} 41. Rxb6 {[%clk 0:00:33]} Rf5+ {[%clk 0:00:22]} 42. Kg2
{[%clk 0:00:35]} Rd7 {[%clk 0:00:23]} 43. Rc6 {[%clk 0:00:34]} Kg7
{[%clk 0:00:24]} 44. Rbc2 {[%clk 0:00:34]} Rf6 {[%clk 0:00:25]} 45. Rc8
{[%clk 0:00:35]} Ra7 {[%clk 0:00:27]} 46. Rb8 {[%clk 0:00:36]} Rf5
{[%clk 0:00:25]} 47. Re8 {[%clk 0:00:34]} Ra4 {[%clk 0:00:22]} 48. e4
{[%clk 0:00:34]} Rb5 {[%clk 0:00:11]} 49. Re7 {[%clk 0:00:24]} Rb6
{[%clk 0:00:05]} 50. Rcc7 {[%clk 0:00:22]} Rf6 {[%clk 0:00:06]} 51. e5
{[%clk 0:00:23]} Rf5 {[%clk 0:00:07]} 52. e6 {[%clk 0:00:24]} Re4
{[%clk 0:00:07]} 53. Rxf7+ {[%clk 0:00:10]} Rxf7 {[%clk 0:00:08]} 54. exf7
{[%clk 0:00:11]} Re6 {[%clk 0:00:09]} 55. Kf3 {[%clk 0:00:10]} Rf6+
{[%clk 0:00:11]} 56. Ke3 {[%clk 0:00:11]} Re6+ {[%clk 0:00:12]} 57. Kf3
{[%clk 0:00:11]} Rf6+ {[%clk 0:00:14]} 58. Kg2 {[%clk 0:00:13]} Re6
{[%clk 0:00:15]} 59. f4 {[%clk 0:00:14]} Ra6 {[%clk 0:00:16]} 60. Kf3
{[%clk 0:00:10]} Ra3+ {[%clk 0:00:18]} 61. Kf2 {[%clk 0:00:11]} Ra2+
{[%clk 0:00:19]} 62. Kf3 {[%clk 0:00:13]} Ra3+ {[%clk 0:00:21]} 63. Kg2
{[%clk 0:00:14]} Ra2+ {[%clk 0:00:22]} 64. Kh3 {[%clk 0:00:15]} Ra3
{[%clk 0:00:23]} 65. Re7 {[%clk 0:00:14]} Rb3 {[%clk 0:00:24]} 66. Kg2
{[%clk 0:00:14]} Rb2+ {[%clk 0:00:26]} 67. Kf3 {[%clk 0:00:15]} Rb3+
{[%clk 0:00:27]} 68. Kf2 {[%clk 0:00:17]} Rb2+ {[%clk 0:00:29]} 69. Kg1
{[%clk 0:00:13]} Rb1+ {[%clk 0:00:30]} 70. Kg2 {[%clk 0:00:14]} Rb2+
{[%clk 0:00:31]} 71. Kh3 {[%clk 0:00:16]} Rb3 {[%clk 0:00:32]} 72. Ra7
{[%clk 0:00:16]} Rc3 {[%clk 0:00:33]} 73. Kg2 {[%clk 0:00:08]} Rc2+
{[%clk 0:00:34]} 74. Kf3 {[%clk 0:00:07]} Rc3+ {[%clk 0:00:35]} 75. Kg2
{[%clk 0:00:08]} Rc2+ {[%clk 0:00:37]} 76. Kh3 {[%clk 0:00:10]} Rc3
{[%clk 0:00:38]} 77. Ra5 {[%clk 0:00:11]} Kxf7 {[%clk 0:00:37]} 78. Rg5
{[%clk 0:00:11]} Kf6 {[%clk 0:00:38]} 79. Ra5 {[%clk 0:00:10]} Rb3
{[%clk 0:00:38]} 80. Rd5 {[%clk 0:00:10]} Ra3 {[%clk 0:00:40]} 81. Kg2
{[%clk 0:00:11]} Ra2+ {[%clk 0:00:41]} 82. Kf3 {[%clk 0:00:12]} Ra3+
{[%clk 0:00:42]} 83. Kf2 {[%clk 0:00:14]} Ra2+ {[%clk 0:00:43]} 84. Ke3
{[%clk 0:00:15]} Ra3+ {[%clk 0:00:44]} 85. Rd3 {[%clk 0:00:17]} Ra1
{[%clk 0:00:45]} 86. Rb3 {[%clk 0:00:17]} Ra4 {[%clk 0:00:39]} 87. Rb6+
{[%clk 0:00:18]} Kf5 {[%clk 0:00:30]} 88. Rb5+ {[%clk 0:00:15]} Kf6
{[%clk 0:00:32]} 89. Rd5 {[%clk 0:00:16]} Ra3+ {[%clk 0:00:32]} 90. Rd3
{[%clk 0:00:18]} Ra4 {[%clk 0:00:33]} 91. Rc3 {[%clk 0:00:17]} Rb4
{[%clk 0:00:34]} 92. Kf3 {[%clk 0:00:17]} Rb1 {[%clk 0:00:33]} 93. Rc6+
{[%clk 0:00:19]} Kf5 {[%clk 0:00:33]} 94. Rc5+ {[%clk 0:00:17]} Kf6
{[%clk 0:00:33]} 95. Rc8 {[%clk 0:00:18]} Rb3+ {[%clk 0:00:33]} 96. Kg2
{[%clk 0:00:20]} Rb2+ {[%clk 0:00:34]} 97. Kh3 {[%clk 0:00:21]} Rb3
{[%clk 0:00:36]} 98. Rf8+ {[%clk 0:00:22]} Kg7 {[%clk 0:00:36]} 99. Re8
{[%clk 0:00:23]} Kf6 {[%clk 0:00:37]} 100. Kg2 {[%clk 0:00:23]} Rb2+
{[%clk 0:00:38]} 101. Kf3 {[%clk 0:00:24]} Rb3+ {[%clk 0:00:39]} 102. Re3
{[%clk 0:00:25]} Rb1 {[%clk 0:00:39]} 103. Ra3 {[%clk 0:00:26]} Rb4
{[%clk 0:00:39]} 104. Ke3 {[%clk 0:00:27]} Rb1 {[%clk 0:00:40]} 105. Ke4
{[%clk 0:00:27]} Re1+ {[%clk 0:00:36]} 106. Kd5 {[%clk 0:00:28]} Rd1+
{[%clk 0:00:38]} 107. Kc6 {[%clk 0:00:28]} Rc1+ {[%clk 0:00:38]} 108. Kd7
{[%clk 0:00:30]} Kf7 {[%clk 0:00:34]} 109. Rd3 {[%clk 0:00:28]} Ra1
{[%clk 0:00:33]} 110. Kd6 {[%clk 0:00:21]} Kf6 {[%clk 0:00:34]} 111. Kc7
{[%clk 0:00:22]} Kf5 {[%clk 0:00:32]} 112. Kd7 {[%clk 0:00:21]} Re1
{[%clk 0:00:33]} 113. Rd5+ {[%clk 0:00:22]} Kf6 {[%clk 0:00:34]} 114. Kd8
{[%clk 0:00:21]} Re3 {[%clk 0:00:33]} 115. Rg5 {[%clk 0:00:22]} Rd3+
{[%clk 0:00:27]} 116. Kc7 {[%clk 0:00:21]} Rc3+ {[%clk 0:00:26]} 117. Kd6
{[%clk 0:00:22]} Rd3+ {[%clk 0:00:27]} 118. Kc5 {[%clk 0:00:23]} Rc3+
{[%clk 0:00:29]} 119. Kd4 {[%clk 0:00:24]} Ra3 {[%clk 0:00:30]} 120. Ke4
{[%clk 0:00:26]} Ra4+ {[%clk 0:00:32]} 121. Kf3 {[%clk 0:00:25]} Ra3+
{[%clk 0:00:33]} 122. Kg2 {[%clk 0:00:26]} Ra2+ {[%clk 0:00:34]} 123. Kg1
{[%clk 0:00:26]} Ra1+ {[%clk 0:00:36]} 124. Kh2 {[%clk 0:00:27]} Ra2+
{[%clk 0:00:37]} 125. Kh3 {[%clk 0:00:28]} Ra3 {[%clk 0:00:38]} 126. Rb5
{[%clk 0:00:15]} Rc3 {[%clk 0:00:38]} 127. Rd5 {[%clk 0:00:15]} Ra3
{[%clk 0:00:39]} 128. Kg2 {[%clk 0:00:17]} Ra2+ {[%clk 0:00:41]} 129. Kf3
{[%clk 0:00:18]} Ra3+ {[%clk 0:00:42]} 130. Kf2 {[%clk 0:00:19]} Ra2+
{[%clk 0:00:43]} 131. Ke3 {[%clk 0:00:21]} Ra3+ {[%clk 0:00:45]} 132. Rd3
{[%clk 0:00:22]} Ra1 {[%clk 0:00:46]} 133. Ke4 {[%clk 0:00:24]} Ra4+
{[%clk 0:00:46]} 134. Rd4 {[%clk 0:00:25]} Ra6 {[%clk 0:00:46]} 135. Rc4
{[%clk 0:00:22]} Rb6 {[%clk 0:00:38]} 136. Rc5 {[%clk 0:00:16]} Rb4+
{[%clk 0:00:38]} 137. Kd3 {[%clk 0:00:13]} Rb3+ {[%clk 0:00:39]} 138. Ke4
{[%clk 0:00:11]} Rxg3 {[%clk 0:00:36]} 139. Rc6+ {[%clk 0:00:12]} Kf7
{[%clk 0:00:34]} 140. f5 {[%clk 0:00:13]} Rg4+ {[%clk 0:00:35]} 141. Ke5
{[%clk 0:00:15]} gxf5 {[%clk 0:00:35]} 142. Kxf5 {[%clk 0:00:16]} Rxh4 143. Ke4
1/2-1/2

[Event "Blitz 2018"]
[Site "Saint-Petersburg"]
[Date "2018.12.30"]
[Round "13"]
[Board "50"]
[White "Sakaev Konstantin (RUS)"]
[Black "Zvjaginsev Vadim (RUS)"]
[Result "1-0"]
[LiveChessVersion "1.4.8"]
[BlackElo "2649"]
[WhiteElo "2551"]

1. d4 {[%clk 0:03:03]} Nf6 {[%clk 0:03:03]} 2. c4 {[%clk 0:03:04]} d6
{[%clk 0:03:04]} 3. Nc3 {[%clk 0:03:04]} e5 {[%clk 0:03:05]} 4. d5
{[%clk 0:02:58]} Bf5 {[%clk 0:03:02]} 5. g3 {[%clk 0:02:56]} Ne4 {[%clk 0:02:49]}
6. Nxe4 {[%clk 0:02:51]} Bxe4 {[%clk 0:02:50]} 7. f3 {[%clk 0:02:52]} Bg6
{[%clk 0:02:50]} 8. e4 {[%clk 0:02:53]} Be7 {[%clk 0:02:46]} 9. h4
{[%clk 0:02:50]} h6 {[%clk 0:02:40]} 10. Bh3 {[%clk 0:02:35]} O-O
{[%clk 0:02:38]} 11. Ne2 {[%clk 0:02:35]} a5 {[%clk 0:02:33]} 12. Nc3
{[%clk 0:02:35]} Na6 {[%clk 0:02:33]} 13. Be3 {[%clk 0:02:33]} Nc5
{[%clk 0:02:24]} 14. Qe2 {[%clk 0:02:07]} a4 {[%clk 0:02:21]} 15. O-O
{[%clk 0:01:59]} c6 {[%clk 0:02:20]} 16. Rac1 {[%clk 0:01:34]} Qa5
{[%clk 0:02:20]} 17. Rfd1 {[%clk 0:01:28]} Rac8 {[%clk 0:02:06]} 18. Kg2
{[%clk 0:01:27]} Rb8 {[%clk 0:01:59]} 19. Bf5 {[%clk 0:01:21]} Bh7
{[%clk 0:01:48]} 20. Qf2 {[%clk 0:01:11]} g6 {[%clk 0:01:48]} 21. Bh3
{[%clk 0:01:10]} h5 {[%clk 0:01:41]} 22. Bxc5 {[%clk 0:01:05]} dxc5
{[%clk 0:01:39]} 23. d6 {[%clk 0:01:06]} Bf6 {[%clk 0:01:39]} 24. Rd3
{[%clk 0:01:02]} Rfd8 {[%clk 0:01:35]} 25. d7 {[%clk 0:01:01]} Be7
{[%clk 0:01:33]} 26. Qd2 {[%clk 0:01:00]} Kg7 {[%clk 0:01:22]} 27. f4
{[%clk 0:00:49]} Qc7 {[%clk 0:01:21]} 28. f5 {[%clk 0:00:49]} Ra8
{[%clk 0:01:18]} 29. Rf1 {[%clk 0:00:50]} f6 {[%clk 0:01:16]} 30. fxg6
{[%clk 0:00:46]} Bxg6 {[%clk 0:01:17]} 31. Bf5 {[%clk 0:00:40]} Bf7
{[%clk 0:01:17]} 32. Qe2 {[%clk 0:00:29]} Rh8 {[%clk 0:01:13]} 33. Rd2
{[%clk 0:00:28]} a3 {[%clk 0:01:08]} 34. b3 {[%clk 0:00:29]} Rad8
{[%clk 0:01:08]} 35. Nd1 {[%clk 0:00:30]} b5 {[%clk 0:00:45]} 36. Ne3
{[%clk 0:00:28]} bxc4 {[%clk 0:00:46]} 37. bxc4 Rb8 38. Bh3 {[%clk 0:00:20]} Bg6
{[%clk 0:00:42]} 39. Nf5+ {[%clk 0:00:19]} Bxf5 {[%clk 0:00:43]} 40. Bxf5
{[%clk 0:00:17]} Qa5 {[%clk 0:00:44]} 41. Rfd1 {[%clk 0:00:16]} Bd8
{[%clk 0:00:42]} 42. Kh3 {[%clk 0:00:16]} Qc3 {[%clk 0:00:42]} 43. Rd3
{[%clk 0:00:11]} Qxc4 {[%clk 0:00:43]} 44. g4 Rb2 45. R1d2 {[%clk 0:00:11]} Rb1
{[%clk 0:00:42]} 46. Qg2 {[%clk 0:00:08]} Kf8 {[%clk 0:00:43]} 47. gxh5
{[%clk 0:00:08]} Rg8 {[%clk 0:00:42]} 48. Bg6 {[%clk 0:00:07]} Qe6+
{[%clk 0:00:43]} 49. Kh2 {[%clk 0:00:07]} c4 {[%clk 0:00:43]} 50. Rg3
{[%clk 0:00:08]} c3 {[%clk 0:00:25]} 51. Rxc3 {[%clk 0:00:09]} Rb2
{[%clk 0:00:24]} 52. Rxb2 {[%clk 0:00:09]} axb2 {[%clk 0:00:25]} 53. Qxb2
{[%clk 0:00:09]} Qg4 {[%clk 0:00:26]} 54. Qf2 {[%clk 0:00:09]} Kg7
{[%clk 0:00:27]} 55. Rf3 {[%clk 0:00:10]} Bb6 {[%clk 0:00:27]} 56. Qg3
{[%clk 0:00:09]} Qxg3+ 57. Rxg3 {[%clk 0:00:10]} Ra8 {[%clk 0:00:22]} 58. Bf5+
{[%clk 0:00:09]} Kh6 {[%clk 0:00:23]} 59. Rg6+ {[%clk 0:00:05]} Kxh5
{[%clk 0:00:24]} 60. Rxf6 {[%clk 0:00:05]} Kxh4 {[%clk 0:00:24]} 61. Kg2
{[%clk 0:00:06]} Rxa2+ {[%clk 0:00:25]} 62. Kf1 {[%clk 0:00:06]} Kg3
{[%clk 0:00:25]} 63. Rxc6 {[%clk 0:00:05]} Bd8 {[%clk 0:00:21]} 64. Ke1
{[%clk 0:00:06]} Kf3 {[%clk 0:00:22]} 65. Kd1 {[%clk 0:00:07]} Bg5
{[%clk 0:00:20]} 66. Rc3+ {[%clk 0:00:09]} Kf2 {[%clk 0:00:20]} 67. Rd3
{[%clk 0:00:08]} Bd8 {[%clk 0:00:19]} 68. Kc1 {[%clk 0:00:08]} Ke2
{[%clk 0:00:19]} 69. Rd5 {[%clk 0:00:10]} Ra5 {[%clk 0:00:15]} 70. Rd6
{[%clk 0:00:11]} Ra8 {[%clk 0:00:08]} 71. Rc6 {[%clk 0:00:11]} Bg5+
{[%clk 0:00:08]} 72. Kc2 {[%clk 0:00:12]} Rd8 {[%clk 0:00:05]} 73. Kc3
{[%clk 0:00:12]} Ke3 {[%clk 0:00:04]} 74. Rc8 {[%clk 0:00:14]} Bf6
{[%clk 0:00:04]} 75. Kc4 {[%clk 0:00:15]} Kf4 {[%clk 0:00:05]} 76. Kd5
{[%clk 0:00:16]} Kg5 {[%clk 0:00:05]} 77. Kd6 {[%clk 0:00:18]} 1-0

[Event "Blitz 2018"]
[Site "Saint-Petersburg"]
[Date "2018.12.30"]
[Round "13"]
[Board "51"]
[White "Goganov Aleksey (RUS)"]
[Black "Salem A.R. Saleh (UAE)"]
[Result "0-1"]
[LiveChessVersion "1.4.8"]
[BlackElo "2645"]
[WhiteElo "2539"]

1. Nf3 {[%clk 0:03:01]} c5 {[%clk 0:03:03]} 2. c4 {[%clk 0:03:02]} Nf6
{[%clk 0:03:04]} 3. Nc3 {[%clk 0:03:03]} d5 {[%clk 0:03:05]} 4. cxd5
{[%clk 0:03:04]} Nxd5 {[%clk 0:03:06]} 5. e3 {[%clk 0:03:04]} e6 {[%clk 0:03:07]}
6. Nxd5 {[%clk 0:02:57]} exd5 {[%clk 0:03:09]} 7. b4 {[%clk 0:02:57]} c4
{[%clk 0:03:10]} 8. Bb2 {[%clk 0:02:57]} Bxb4 {[%clk 0:03:10]} 9. Bxg7
{[%clk 0:02:52]} Rg8 {[%clk 0:03:11]} 10. Bb2 {[%clk 0:02:38]} Nc6
{[%clk 0:03:12]} 11. Qc2 {[%clk 0:02:39]} Rg6 {[%clk 0:03:12]} 12. Be2
{[%clk 0:02:32]} Qe7 {[%clk 0:03:03]} 13. O-O {[%clk 0:02:20]} Bh3
{[%clk 0:03:02]} 14. g3 {[%clk 0:02:18]} Bd6 {[%clk 0:02:16]} 15. d3
{[%clk 0:02:04]} Nb4 {[%clk 0:01:58]} 16. Qa4+ {[%clk 0:02:05]} b5
{[%clk 0:01:47]} 17. Qxb5+ {[%clk 0:02:03]} Bd7 {[%clk 0:01:46]} 18. Qa5
{[%clk 0:01:39]} cxd3 {[%clk 0:01:35]} 19. Bd1 {[%clk 0:01:40]} Rb8
{[%clk 0:00:56]} 20. Ba3 {[%clk 0:01:26]} Rb6 {[%clk 0:00:45]} 21. Bxb4
{[%clk 0:01:18]} Bxb4 {[%clk 0:00:46]} 22. Qxd5 {[%clk 0:01:11]} Kf8
{[%clk 0:00:33]} 23. Ne5 {[%clk 0:01:06]} Rbd6 {[%clk 0:00:27]} 24. Nxg6+
{[%clk 0:01:05]} hxg6 {[%clk 0:00:28]} 25. Qa8+ {[%clk 0:00:58]} Kg7
{[%clk 0:00:28]} 26. Qxa7 {[%clk 0:00:58]} Qe4 {[%clk 0:00:27]} 27. f3
{[%clk 0:00:50]} Qe5 {[%clk 0:00:28]} 28. Rc1 {[%clk 0:00:47]} Bd2
{[%clk 0:00:29]} 29. e4 {[%clk 0:00:26]} Bxc1 {[%clk 0:00:28]} 30. Kg2
{[%clk 0:00:27]} d2 {[%clk 0:00:27]} 31. Bb3 {[%clk 0:00:29]} Be6
{[%clk 0:00:28]} 32. Bxe6 {[%clk 0:00:26]} Qxe6 {[%clk 0:00:29]} 33. Qa4
{[%clk 0:00:26]} Qe5 {[%clk 0:00:23]} 34. Qd1 {[%clk 0:00:26]} Ra6
{[%clk 0:00:23]} 35. h4 {[%clk 0:00:27]} Rxa2 {[%clk 0:00:24]} 36. Rf2
{[%clk 0:00:29]} Qd4 {[%clk 0:00:19]} 0-1

[Event "Blitz 2018"]
[Site "Saint-Petersburg"]
[Date "2018.12.30"]
[Round "13"]
[Board "52"]
[White "Alekseev Evgeny (RUS)"]
[Black "Iljiushenok Ilia (RUS)"]
[Result "1-0"]
[LiveChessVersion "1.4.8"]
[BlackElo "2467"]
[WhiteElo "2634"]

1. e4 {[%clk 0:03:03]} c5 {[%clk 0:03:03]} 2. Nf3 {[%clk 0:03:04]} e6
{[%clk 0:03:04]} 3. d4 {[%clk 0:03:04]} cxd4 {[%clk 0:03:05]} 4. Nxd4
{[%clk 0:03:06]} Nc6 {[%clk 0:03:05]} 5. Nc3 {[%clk 0:03:06]} Qc7
{[%clk 0:03:07]} 6. g3 {[%clk 0:03:05]} a6 {[%clk 0:03:07]} 7. Bg2
{[%clk 0:03:06]} d6 {[%clk 0:03:08]} 8. O-O {[%clk 0:03:02]} Bd7 {[%clk 0:03:09]}
9. Nb3 {[%clk 0:03:00]} b5 {[%clk 0:02:54]} 10. a3 {[%clk 0:03:00]} Nf6
{[%clk 0:02:49]} 11. f4 {[%clk 0:02:59]} Be7 {[%clk 0:02:44]} 12. Be3
{[%clk 0:02:58]} Rc8 {[%clk 0:02:39]} 13. Kh1 {[%clk 0:02:48]} h5
{[%clk 0:02:20]} 14. h3 {[%clk 0:02:43]} Qb8 {[%clk 0:02:01]} 15. Qe2
{[%clk 0:02:37]} Bd8 {[%clk 0:01:47]} 16. Rad1 {[%clk 0:02:26]} Bc7
{[%clk 0:01:45]} 17. Bg1 {[%clk 0:01:54]} Kf8 {[%clk 0:01:40]} 18. Nd4
{[%clk 0:01:45]} Ne7 {[%clk 0:01:00]} 19. Nf3 {[%clk 0:01:41]} Bc6
{[%clk 0:00:57]} 20. Ng5 {[%clk 0:01:38]} Qb7 {[%clk 0:00:58]} 21. Rd2
{[%clk 0:01:29]} a5 {[%clk 0:00:59]} 22. b4 {[%clk 0:01:27]} axb4
{[%clk 0:01:00]} 23. axb4 {[%clk 0:01:29]} Kg8 {[%clk 0:01:00]} 24. Ra1
{[%clk 0:01:25]} Bb8 {[%clk 0:00:59]} 25. Qe3 {[%clk 0:01:01]} Nd7
{[%clk 0:00:47]} 26. Ne2 {[%clk 0:00:55]} Nf6 {[%clk 0:00:42]} 27. Nd4
{[%clk 0:00:55]} Ba7 {[%clk 0:00:43]} 28. Rxa7 {[%clk 0:00:46]} Qxa7
{[%clk 0:00:44]} 29. Nxc6 {[%clk 0:00:46]} Qxe3 {[%clk 0:00:35]} 30. Nxe7+
{[%clk 0:00:46]} Kf8 {[%clk 0:00:36]} 31. Ng6+ {[%clk 0:00:42]} fxg6
{[%clk 0:00:37]} 32. Bxe3 {[%clk 0:00:42]} Ke7 {[%clk 0:00:37]} 33. Bd4
{[%clk 0:00:37]} Rc4 {[%clk 0:00:38]} 34. c3 {[%clk 0:00:33]} h4 {[%clk 0:00:34]}
35. g4 {[%clk 0:00:32]} Ra8 {[%clk 0:00:29]} 36. e5 {[%clk 0:00:30]} Ra1+
{[%clk 0:00:29]} 37. Kh2 {[%clk 0:00:30]} Nd5 {[%clk 0:00:30]} 38. Bxd5
{[%clk 0:00:26]} exd5 {[%clk 0:00:31]} 39. e6 {[%clk 0:00:24]} Rc8
{[%clk 0:00:27]} 40. Nf3 {[%clk 0:00:21]} Kxe6 {[%clk 0:00:28]} 41. Nxh4
{[%clk 0:00:21]} Kf7 {[%clk 0:00:30]} 42. Nf3 {[%clk 0:00:22]} Rca8
{[%clk 0:00:31]} 43. Re2 {[%clk 0:00:22]} R8a2 {[%clk 0:00:30]} 44. Rxa2
{[%clk 0:00:23]} Rxa2+ {[%clk 0:00:31]} 45. Kg3 {[%clk 0:00:24]} Re2
{[%clk 0:00:30]} 46. Ng5+ {[%clk 0:00:21]} Kf8 {[%clk 0:00:29]} 47. Kf3
{[%clk 0:00:22]} Re1 {[%clk 0:00:29]} 48. Kf2 {[%clk 0:00:21]} Re8
{[%clk 0:00:28]} 49. f5 {[%clk 0:00:19]} gxf5 {[%clk 0:00:28]} 50. gxf5
{[%clk 0:00:20]} Kg8 {[%clk 0:00:29]} 51. Kf3 {[%clk 0:00:20]} Re1
{[%clk 0:00:30]} 52. Ne6 {[%clk 0:00:20]} g6 {[%clk 0:00:31]} 53. Nf4
{[%clk 0:00:17]} gxf5 {[%clk 0:00:28]} 54. Nxd5 {[%clk 0:00:18]} Kf7
{[%clk 0:00:29]} 55. Nc7 {[%clk 0:00:17]} Kg6 {[%clk 0:00:15]} 56. Nxb5
{[%clk 0:00:17]} d5 {[%clk 0:00:14]} 57. Nc7 {[%clk 0:00:17]} Rf1+
{[%clk 0:00:14]} 58. Kg2 {[%clk 0:00:17]} Rb1 {[%clk 0:00:14]} 59. Nxd5
{[%clk 0:00:17]} Kg5 {[%clk 0:00:15]} 60. Kf3 {[%clk 0:00:17]} Rf1+
{[%clk 0:00:16]} 61. Ke2 {[%clk 0:00:18]} Rh1 {[%clk 0:00:16]} 62. b5
{[%clk 0:00:18]} 1-0

[Event "Blitz 2018"]
[Site "Saint-Petersburg"]
[Date "2018.12.30"]
[Round "13"]
[Board "53"]
[White "Mikhalevski Victor (ISR)"]
[Black "Rakhmanov Aleksandr (RUS)"]
[Result "0-1"]
[LiveChessVersion "1.4.8"]
[BlackElo "2615"]
[WhiteElo "2521"]

1. d4 {[%clk 0:03:01]} Na6 {[%clk 0:03:03]} 2. e4 {[%clk 0:03:00]} c5
{[%clk 0:03:04]} 3. d5 {[%clk 0:02:58]} g6 {[%clk 0:03:04]} 4. Nf3
{[%clk 0:02:52]} Bg7 {[%clk 0:03:05]} 5. c4 {[%clk 0:02:39]} d6 {[%clk 0:03:01]}
6. Be2 {[%clk 0:02:35]} Nf6 {[%clk 0:03:01]} 7. Nc3 {[%clk 0:02:35]} O-O
{[%clk 0:03:01]} 8. O-O {[%clk 0:02:35]} e6 {[%clk 0:03:01]} 9. h3
{[%clk 0:02:27]} e5 {[%clk 0:03:02]} 10. Ne1 {[%clk 0:02:21]} Ne8
{[%clk 0:03:02]} 11. Nd3 {[%clk 0:02:21]} Nb4 {[%clk 0:02:52]} 12. a3
{[%clk 0:02:10]} Nxd3 {[%clk 0:02:52]} 13. Bxd3 {[%clk 0:02:11]} f5
{[%clk 0:02:53]} 14. f4 {[%clk 0:02:02]} exf4 {[%clk 0:02:46]} 15. Bxf4
{[%clk 0:01:59]} g5 {[%clk 0:02:40]} 16. Bd2 {[%clk 0:01:46]} f4 {[%clk 0:02:40]}
17. Qh5 {[%clk 0:01:43]} Be5 {[%clk 0:02:15]} 18. h4 {[%clk 0:01:14]} gxh4
{[%clk 0:01:51]} 19. Ne2 {[%clk 0:01:09]} Ng7 {[%clk 0:01:31]} 20. Qh6
{[%clk 0:01:06]} h3 {[%clk 0:01:23]} 21. Bxf4 {[%clk 0:01:02]} hxg2
{[%clk 0:01:16]} 22. Rf2 {[%clk 0:01:03]} Rf6 {[%clk 0:00:54]} 23. Qg5
{[%clk 0:00:54]} Qf8 {[%clk 0:00:50]} 24. Be3 {[%clk 0:00:30]} Rxf2
{[%clk 0:00:46]} 25. Bxf2 {[%clk 0:00:31]} Qf3 {[%clk 0:00:40]} 26. Qe3
{[%clk 0:00:27]} Bg4 {[%clk 0:00:37]} 27. Qxf3 {[%clk 0:00:25]} Bxf3
{[%clk 0:00:38]} 28. Ng3 {[%clk 0:00:18]} b6 {[%clk 0:00:29]} 29. Rb1
{[%clk 0:00:16]} h5 {[%clk 0:00:30]} 30. Be2 {[%clk 0:00:12]} Rf8
{[%clk 0:00:16]} 31. Bxf3 {[%clk 0:00:13]} Rxf3 {[%clk 0:00:17]} 32. Kxg2
{[%clk 0:00:14]} Rd3 {[%clk 0:00:19]} 33. b4 {[%clk 0:00:13]} h4 {[%clk 0:00:18]}
34. Nf5 {[%clk 0:00:14]} h3+ {[%clk 0:00:18]} 35. Kh1 {[%clk 0:00:14]} Nxf5
{[%clk 0:00:19]} 36. exf5 {[%clk 0:00:15]} Rxa3 {[%clk 0:00:12]} 37. bxc5
{[%clk 0:00:16]} bxc5 {[%clk 0:00:13]} 38. Bh4 {[%clk 0:00:16]} Kh7
{[%clk 0:00:08]} 39. Bg5 {[%clk 0:00:16]} Ra1 {[%clk 0:00:06]} 40. Rxa1
{[%clk 0:00:17]} Bxa1 {[%clk 0:00:07]} 41. Kh2 {[%clk 0:00:15]} a5
{[%clk 0:00:09]} 42. Kxh3 {[%clk 0:00:14]} Bb2 {[%clk 0:00:10]} 0-1